| 000 | 02237cab a22004575a 4500 | ||
|---|---|---|---|
| 001 | L144862 | ||
| 008 | 080814s2008 xxk f g 000 0 eng d | ||
| 035 | _a(Sirsi) u144862 | ||
| 041 | 0 | _aeng | |
| 100 | 1 | _aPurdue, Michael | |
| 245 | 0 | 0 |
_aReform of the enforcement of planning control _ba forgotten cause? |
| 260 | _c2008 | ||
| 490 |
_aJournal of Planning and Environment Law _v(Issue 4) 2008, 434-449(16) |
||
| 520 | _aDetailed article looks at reform of the Planning and Compensation Act 1991. Discusses: alternatives to civil penalties; retrospective authorisations of planning control breaches and policy developments in Scotland. Suggests that the government may not see a need for reform and seeks to raise awareness while raising the profile of the argument for change. | ||
| 650 | 2 | 4 | _aHAMMOND V SECRETARY OF STATE FOR THE ENVIRONMENT |
| 650 | 2 | 4 | _aLOCAL GOVERNMENT AND PLANNING (AMENDMENT) ACT 1981 |
| 650 | 2 | 4 | _aLOUGH V FIRST SECRETARY OF STATE |
| 650 | 2 | 4 | _aPLANNING AND COMPENSATION ACT 1991 |
| 650 | 2 | 4 | _aR V NEWLAND |
| 650 | 2 | 4 | _aR V TOWER HAMLETS LBC EX PARTE P. F. AHERN |
| 650 | 2 | 4 | _aR V WICKS |
| 650 | 2 | 4 | _aSECRETARY OF STATE FOR THE ENVIRONMENT TRANSPORT AND THE REGIONS V WYATT BROTHERS (OXFORD) LTD |
| 650 | 2 | 4 | _aSECRETARY OF STATE FOR THE ENVIRONMENT V THURROCK BC |
| 650 | 2 | 4 | _aR (ON THE APPLICATION OF GRENDON) V SECRETARY OF STATE FOR THE COMMUNITIES AND LOCAL GOVERNMENT |
| 650 | 2 | 4 | _aR (ON THE APPLICATION OF LYNES) V WEST BERKSHIRE DC |
| 650 | 2 | 4 | _aR (ON THE APPLICATION OF WILSON) V WYCHAVON DC |
| 650 | 2 | 4 | _aCLIVE PAYNE V THE NATIONAL ASSEMBLY FOR WALES AND CAERPHILLY COUNTY BC |
| 650 | 2 | 4 | _aDAVIS V MILLER |
| 650 | 2 | 4 | _aEXETER CC V EARLE |
| 650 | 2 | 4 | _aBADCOCK V HERTFORDSHIRE CC |
| 650 | 2 | 4 | _aBELGIAN LINGUISTICS |
| 650 | 2 | 4 | _aCHAPMAN V UNITED KINGDOM |
| 650 | 2 | 4 | _aSOUTH BUCKS DV V PORTER |
| 650 | 2 | 4 | _aSTAFFORDSHIRE CC V CHALLINOR |
| 650 | 2 | 4 | _aSWALE BC V FIRST SECRETARY OF STATE AND LEE |
| 650 | 2 | 4 | _aPLANNING ETC. (SCOTLAND) ACT 2006 |
| 650 | 2 | 4 | _aPLANNING POLICY GUIDANCE NOTE 18 (ENFORCING PLANNING CONTROL) |
| 651 | 4 |
_aEngland and Wales _y1543- |
|
| 690 | _aENVIRONMENTAL AND LAND CONSULTANCY-PLANNING AND DEVELOPMENT-PLANNING REFORM | ||
| 942 | _n0 | ||
| 999 |
_c80619 _d80619 |
||